| 000 | 01423nam a2200325 i 4500 | ||
|---|---|---|---|
| 003 | DO-SdBNP | ||
| 005 | 20250306133651.0 | ||
| 007 | ta | ||
| 008 | 240909s1985 dr 000 j spa d | ||
| 040 |
_aDO-SdBNP _bspa _cBNPHU _erda |
||
| 082 |
_bB716 _222 |
||
| 100 |
_aBonnelly de Calventi, Idelisa, _d1935-1922 _953774 |
||
| 245 | 1 | 0 |
_aInforme aspectos químicos y usos nativos de plantas en la medicina folklórica dominicana _bestudio bibliográfico / _cIdelisa Bonnelly de Calventi, Manuel vásquez Tineo, David Terrero |
| 246 | _aAspectos químicos y usos nativos de plantas en la medicina folklórica dominicana / | ||
| 264 | 1 |
_aSanto Domingo : _bUASD, _bCIBIMA _c1985. |
|
| 300 |
_a64 páginas, _c21 cm. |
||
| 336 |
_2rdacontent _atexto _btxt |
||
| 337 |
_2rdamedia _asin mediación _bn |
||
| 338 |
_2rdacarrier _avolumen _bnc |
||
| 500 | _aIncluye índice de nombres vulgares de plantas medicinales citadas en este trabajo. | ||
| 504 | _aBibliografía p: 63-64. | ||
| 504 | _aReferencias bibliográficas utilizadas en la preparación de la tabla 10 p: 58-59. | ||
| 590 | _aInventariado, 2024/ YL | ||
| 700 | 1 |
_aVásquez tineo, Manuel _eautor _986540 |
|
| 700 | 1 |
_aTerrero, David _eautor _986542 |
|
| 710 |
_aUniversidad Autónoma de Santo Domingo (UASD) _bFacultad de Ciencias _984760 |
||
| 710 | 1 |
_aCentro de Investigaciones de Biología Marina (CIBIMA) _986544 |
|
| 910 | _aYLockward | ||
| 942 |
_2ddc _cLBS1 |
||
| 999 |
_c57651 _d57651 |
||